| 000 | 01954cam a22005174i 4500 | ||
|---|---|---|---|
| 003 | PE-LiUPU | ||
| 005 | 20250731165554.0 | ||
| 008 | 150616s r 000 0 d | ||
| 035 | _a(Sirsi) a3516 | ||
| 035 | _a(Sirsi) a3516 | ||
| 040 |
_aPE-LiUPU _bspa _cPE-LiUPU _erda |
||
| 049 | _aPRUA | ||
| 082 | 0 | 4 |
_a220.7 _bL54 _221 |
| 100 | 1 |
_aLenski, R. C. H., _eautor. |
|
| 245 | 1 | 3 |
_aLa interpretación de las epistolas de San Pablo : _ba los Gálatas, Efesios y Filipenses. _n8 / _cR. C. H. Lenski. |
| 264 | 1 |
_aMéxico : _bPublicaciones El Estudio, _c1962. |
|
| 300 |
_a780 páginas ; _c23 cm. |
||
| 336 |
_atext _2rdacontent |
||
| 337 |
_aunmediated _2rdamedia |
||
| 338 |
_avolume _2rdacarrier |
||
| 505 | 0 | _aLa interpretación de la epístola de San Pablo a los Gálatas -- La interpretación de San Pablo a los Efesios -- La interpretación de la epístola de San Pablo a los Filipenses. | |
| 526 | _aSEG44 | ||
| 526 | _aSEG26 | ||
| 526 | _aP151 | ||
| 526 | _aP150 | ||
| 526 | _aP149 | ||
| 526 | _aP146 | ||
| 526 | _aP145 | ||
| 526 | _aP126 | ||
| 526 | _aP125 | ||
| 526 | _aP92 | ||
| 526 | _aP75 | ||
| 526 | _aP74 | ||
| 526 | _aP27 | ||
| 526 | _aP15 | ||
| 630 |
_aBiblia. _pN.T. _PG álatas _xComentarios. |
||
| 630 |
_aBiblia. _pN.T. _pEfesios _xComentarios. |
||
| 630 |
_aBiblia. _pN.T. _pFilipenses _xComentarios. |
||
| 910 |
_ajck _bjvq _cjck |
||
| 942 |
_2ddc _cBOOK |
||
| 949 |
_aRC 220.7 L54 8 _wDEWEY _c1 _i06596 _lRC _mBUL _r0 _sY _tBOOK _u2015-4-23 _xTEOLOGIA _zUNKNOWN _0COMPRA _o.CIRCNOTE. No olvidar cambiar la fecha de devolución!!!!!!! _o.STAFF. Colección General |
||
| 994 |
_aC0 _bPEPRU |
||
| 596 | _a1 | ||
| 999 |
_aRC 220.7 L54 8 _wDEWEY _c43096 _i06596 _f2021-11-8 _g6 _lCCODEBUL1 _mBUL _r1 _sY _tBOOK _u2015-4-23 _xTEOLOGIA _zUNKNOWN _0COMPRA _o.CIRCNOTE. No olvidar cambiar la fecha de devolución!!!!!!! _o.STAFF. Colección General _d43096 |
||
| 980 |
_81 _gALBERTO SANCHEZ Responsable de Automatización |
||